Daň ze mzdy

Na minha lista:
Detalhes bibliográficos
Formato: Livro
Idioma:tcheco
Publicado em: Praha Orbis 1947
Tags: Adicionar Tag
Sem tags, seja o primeiro a adicionar uma tag!

MARC

LEADER 00000nam a2200000 4500
001 0267783
005 20251029074617.6
041 0 |a cze 
044 |a -CS 
245 1 0 |a Daň ze mzdy 
264 1 |a Praha  |b Orbis  |c 1947